[Event "HUN-chT 0304"]
[Site "Hungary"]
[Date "2004.03.21"]
[Round "9"]
[White "Bors, Tamas"]
[Black "Sztupak, Zoltan"]
[Result "0-1"]
[WhiteElo "2291"]
[BlackElo "2420"]
[PlyCount "106"]
[EventDate "2003.09.28"]
[EventType "team"]
[EventRounds "11"]
[EventCountry "HUN"]
[SourceTitle "EXT 2006"]
[Source "ChessBase"]
[SourceDate "2005.11.24"]
[SourceVersion "1"]
[SourceVersionDate "2005.11.24"]
[SourceQuality "1"]

1. c4 b6 2. Nc3 Bb7 3. e4 c5 4. d3 g6 5. g3 Bg7 6. Bg2 Nc6 7. Nge2 e6 8. 0-0 d6 9. a3 Nge7 10. Rb1 0-0 11. b4 Qd7 12. Be3 Nd4 13. Qd2 f5 14. f4 Rac8 15. b5 Nxe2+ 16. Nxe2 d5 17. cxd5 exd5 18. Qa2 fxe4 19. dxe4 Kh8 20. Rfd1 Rcd8 21. Bf2 h6 22. a4 g5 23. exd5 Nxd5 24. Qc4 Qf5 25. Be4 Qf7 26. f5 Rfe8 27. Nc3 Rxe4 28. Nxe4 Qxf5 29. Re1 Nb4 30. Rbd1 Rxd1 31. Rxd1 Bd5 32. Rxd5 Qxd5 33. Qxd5 Nxd5 34. Nxc5 bxc5 35. Bxc5 Nc3 36. Bxa7 Nxa4 37. Bf2 Bf8 38. b6 Nc5 39. Kg2 Kg7 40. Kf3 Kf6 41. Kg4 Kg6 42. h3 Nd3 43. Bd4 Bc5 44. Bc3 Bxb6 45. Kf3 h5 46. Bd2 Nf2 47. Kg2 Ne4 48. Be1 Bd4 49. Ba5 Be5 50. g4 h4 51. Kf3 Nc5 52. Bd2 Ne6 53. Ke4 Bg3 0-1

[Event "HUN-chT 0304"]
[Site "Hungary"]
[Date "2004.02.08"]
[Round "7"]
[White "Sztupak, Zoltan"]
[Black "Mester, Gyula"]
[Result "1/2-1/2"]
[WhiteElo "2420"]
[BlackElo "2416"]
[PlyCount "82"]
[EventDate "2003.09.28"]
[EventType "team"]
[EventRounds "11"]
[EventCountry "HUN"]
[SourceTitle "EXT 2006"]
[Source "ChessBase"]
[SourceDate "2005.11.24"]
[SourceVersion "1"]
[SourceVersionDate "2005.11.24"]
[SourceQuality "1"]

1. e4 Nc6 2. Nf3 d6 3. d4 Nf6 4. Nc3 Bg4 5. Be3 e5 6. Bb5 exd4 7. Qxd4 Be7 8. 0-0-0 0-0 9. Bxc6 bxc6 10. e5 Bxf3 11. gxf3 dxe5 12. Qxe5 Bd6 13. Qa5 Qe7 14. Bd4 Rfe8 15. Rhg1 g6 16. Qg5 Nd5 17. Nxd5 Qxg5+ 18. Rxg5 cxd5 19. Be3 c6 20. Rg4 Bc7 21. Ra4 a5 22. c4 Rad8 23. cxd5 Rxd5 24. Rxd5 cxd5 25. Rd4 Rd8 26. h3 f6 27. Rd3 Kf7 28. Rb3 d4 29. Rb7 Rd7 30. Bd2 Ke6 31. Kd1 Bd8 32. Rxd7 Kxd7 33. Ke2 Kc6 34. Kd3 Kd5 35. b3 h5 36. a3 g5 37. a4 f5 38. b4 axb4 39. Bxb4 g4 40. fxg4 fxg4 41. hxg4 hxg4 1/2-1/2

[Event "HUN-chT2"]
[Site "Hungary"]
[Date "1997.??.??"]
[Round "6"]
[White "Demeny, Antal"]
[Black "Sztupak, Zoltan"]
[Result "0-1"]
[WhiteElo "2210"]
[BlackElo "2245"]
[PlyCount "118"]
[EventDate "1997.??.??"]
[EventType "team-swiss"]
[EventRounds "13"]
[EventCountry "HUN"]
[SourceTitle "EXT 2006"]
[Source "ChessBase"]
[SourceDate "2005.11.24"]
[SourceVersion "1"]
[SourceVersionDate "2005.11.24"]
[SourceQuality "1"]

1. d4 Nf6 2. c4 g6 3. Nf3 Bg7 4. g3 0-0 5. Bg2 d6 6. 0-0 Nc6 7. Nc3 a6 8. h3 Rb8 9. e4 e5 10. Be3 exd4 11. Nxd4 Re8 12. Nxc6 bxc6 13. Qc2 Bd7 14. Rad1 Qc8 15. Kh2 Qb7 16. b3 Qb4 17. Rd3 Be6 18. g4 Nd7 19. Bd2 Qb7 20. f4 Nc5 21. Rg3 Bd7 22. Ne2 Qb6 23. Bc3 Bxc3 24. Nxc3 f6 25. f5 g5 26. h4 h6 27. hxg5 hxg5 28. Rh3 Kg7 29. Kg3 Rh8 30. Rfh1 Rxh3+ 31. Rxh3 Rh8 32. Rxh8 Kxh8 33. Qd2 Qb4 34. Bf3 Kg7 35. Nb1 a5 36. Kf2 Qb6 37. Kg2 Be8 38. Qc3 Bf7 39. Nd2 Qb4 40. Nb1 Qb6 41. Nd2 Nd7 42. a3 Qc5 43. b4 axb4 44. axb4 Qa7 45. Bd1 c5 46. b5 Ne5 47. Be2 Kf8 48. Kg3 Qa8 49. Qb3 Qa1 50. Kf2 Qd4+ 51. Ke1 Qg1+ 52. Nf1 Nxg4 53. b6 cxb6 54. Qxb6 Qf2+ 55. Kd1 Qd4+ 56. Nd2 Ne3+ 57. Ke1 g4 58. Nb3 Qc3+ 59. Kf2 g3+ 0-1

[Event "HUN-chT U18"]
[Site "Hungary"]
[Date "1997.??.??"]
[Round "?"]
[White "Kerek, Krisztian"]
[Black "Sztupak, Zoltan"]
[Result "1-0"]
[WhiteElo "2290"]
[BlackElo "2245"]
[PlyCount "63"]
[EventDate "1997.??.??"]
[EventType "team"]
[EventRounds "9"]
[EventCountry "HUN"]
[SourceTitle "EXT 2006"]
[Source "ChessBase"]
[SourceDate "2005.11.24"]
[SourceVersion "1"]
[SourceVersionDate "2005.11.24"]
[SourceQuality "1"]

1. e4 c5 2. Nf3 Nc6 3. d4 cxd4 4. Nxd4 Nf6 5. Nc3 d6 6. Bg5 e6 7. Qd2 a6 8. 0-0-0 Bd7 9. f4 b5 10. Bxf6 gxf6 11. Kb1 Qb6 12. Nxc6 Bxc6 13. f5 b4 14. Ne2 e5 15. Ng3 h5 16. h4 Qc5 17. Be2 Ke7 18. Nxh5 Bh6 19. Qd3 Bb5 20. Qf3 Be3 21. Rd5 Qb6 22. g4 Rhc8 23. g5 Rc3 24. Nxf6 Bxg5 25. Rxb5 Qa7 26. Nd5+ Ke8 27. bxc3 axb5 28. Bxb5+ Kf8 29. hxg5 Qxa2+ 30. Kc1 b3 31. Rh8+ Kg7 32. f6+ 1-0

[Event "HUN-chT2"]
[Site "Hungary"]
[Date "1997.??.??"]
[Round "?"]
[White "Sztupak, Zoltan"]
[Black "Repasi, Zoltan"]
[Result "1-0"]
[WhiteElo "2245"]
[BlackElo "2315"]
[PlyCount "58"]
[EventDate "1997.??.??"]
[EventType "team-swiss"]
[EventRounds "13"]
[EventCountry "HUN"]
[SourceTitle "EXT 2006"]
[Source "ChessBase"]
[SourceDate "2005.11.24"]
[SourceVersion "1"]
[SourceVersionDate "2005.11.24"]
[SourceQuality "1"]

1. e4 c5 2. Nf3 Nc6 3. d4 cxd4 4. Nxd4 Nf6 5. Nc3 e6 6. Ndb5 d6 7. Bf4 e5 8. Bg5 a6 9. Na3 Be7 10. Nc4 b5 11. Bxf6 gxf6 12. Ne3 Be6 13. Ncd5 Qa5+ 14. c3 Rb8 15. b4 Qd8 16. Be2 Qd7 17. Bg4 Rg8 18. Nf5 Bxf5 19. Bxf5 Qa7 20. 0-0 Nd8 21. a4 Qb7 22. Bxh7 Rh8 23. Bf5 Ne6 24. Qg4 Qc8 25. Bxe6 fxe6 26. Nxe7 Qd7 27. Qg6+ Kd8 28. Qxf6 Kc7 29. axb5 axb5 1-0